000 00651nam a2200241Ia 4500
003 OSt
005 20220918204040.0
006 a|||||r|||| 00| 0
007 ta
008 220917b |||||||| |||| 00| 0 eng d
024 _a110,813
037 _cTextual
040 _aARTS
_cARTS
_beng
041 _2eng
_aeng
082 _aV53.K61-K24, L8
100 _aBonney R
_9110545
245 0 _aPolitical change in France under Richelieu and Mazarin 1624-1661
260 _aOxford
_bUniv
_c1978
300 _aviii, 508p.
_ccm.
650 _aHISTORY
942 _hV53.K61-K24, L8
_cTEXL
_2CC
999 _c234163
_d234163